LEADER 01035nam--2200325---450- 001 990005816200203316 005 20130312121403.0 010 $a978-88-14-17531-2 035 $a000581620 035 $aUSA01000581620 035 $a(ALEPH)000581620USA01 035 $a000581620 100 $a20130312d2012----km-y0itay50------ba 101 $aita 102 $aIT 105 $a||||||||001yy 200 1 $aDizionario di pensieri intorno al diritto$euna introduzione su Salvatore Pugliatti e un lemmario di centocinquanta voci$eda Ab immemorabili a Verità$fAntonio La Torre 210 $aMilano$cGiuffrè$d2012 215 $aVIII, 297 p.$d24 cm 606 0 $aDiritto$xTerminologia$2BNCF 676 $a349.45014 700 1$aLA TORRE,$bAntonio$0177687 801 0$aIT$bsalbc$gISBD 912 $a990005816200203316 951 $aXXI.5. 135$b75807 G.$cXXI.5.$d00313644 959 $aBK 969 $aGIU 979 $aCHIARA$b90$c20130312$lUSA01$h1214 996 $aDizionario di pensieri intorno al diritto$91088758 997 $aUNISA LEADER 00813nam2 22002411i 450 001 990007810670403321 005 20221121122345.0 035 $a000781067 035 $aFED01000781067 035 $a(Aleph)000781067FED01 035 $a000781067 100 $a20030801d--------km-y0itay50------ba 200 1 $aProcedura camerale e tutela degli interessi dei minori pp.285-293 in La volontaria giurisdizione$ecasi e materiali 463 0$1001000776947 701 1$aProto Pisani,$bAndrea$f<1939- >$0227079 712 02$aScuola di Notariato A. Anselmi di Roma 801 0$aIT$bUNINA$gRICA$2UNIMARC 901 $aBK 912 $a990007810670403321 959 $aDDCP 996 $aProcedura camerale e tutela degli interessi dei minori pp.285-293 in La volontaria giurisdizione$92972293 997 $aUNINA DB $aGEN01